Drug and Gene Delivery to the Central Nervous System for Neuroprotection (Запис № 444942)
[ простий вигляд ]
| 000 -LEADER | |
|---|---|
| fixed length control field | 04789nam a22005895i 4500 |
| 001 - CONTROL NUMBER | |
| control field | 978-3-319-57696-1 |
| 003 - CONTROL NUMBER IDENTIFIER | |
| control field | DE-He213 |
| 005 - DATE AND TIME OF LATEST TRANSACTION | |
| control field | 20210118121041.0 |
| 007 - PHYSICAL DESCRIPTION FIXED FIELD--GENERAL INFORMATION | |
| fixed length control field | cr nn 008mamaa |
| 008 - FIXED-LENGTH DATA ELEMENTS--GENERAL INFORMATION | |
| fixed length control field | 170605s2017 gw | s |||| 0|eng d |
| 020 ## - INTERNATIONAL STANDARD BOOK NUMBER | |
| International Standard Book Number | 9783319576961 |
| -- | 978-3-319-57696-1 |
| 024 7# - OTHER STANDARD IDENTIFIER | |
| Standard number or code | 10.1007/978-3-319-57696-1 |
| Source of number or code | doi |
| 050 #4 - LIBRARY OF CONGRESS CALL NUMBER | |
| Classification number | RC321-580 |
| 072 #7 - SUBJECT CATEGORY CODE | |
| Subject category code | PSAN |
| Source | bicssc |
| 072 #7 - SUBJECT CATEGORY CODE | |
| Subject category code | MED057000 |
| Source | bisacsh |
| 072 #7 - SUBJECT CATEGORY CODE | |
| Subject category code | PSAN |
| Source | thema |
| 082 04 - DEWEY DECIMAL CLASSIFICATION NUMBER | |
| Classification number | 612.8 |
| Edition number | 23 |
| 245 10 - TITLE STATEMENT | |
| Title | Drug and Gene Delivery to the Central Nervous System for Neuroprotection |
| Medium | [electronic resource] : |
| Remainder of title | Nanotechnological Advances / |
| Statement of responsibility, etc | edited by Hari S. Sharma, Dafin F. Muresanu, Aruna Sharma. |
| 250 ## - EDITION STATEMENT | |
| Edition statement | 1st ed. 2017. |
| 264 #1 - | |
| -- | Cham : |
| -- | Springer International Publishing : |
| -- | Imprint: Springer, |
| -- | 2017. |
| 300 ## - PHYSICAL DESCRIPTION | |
| Extent | XIII, 228 p. 47 illus., 38 illus. in color. |
| Other physical details | online resource. |
| 336 ## - | |
| -- | text |
| -- | txt |
| -- | rdacontent |
| 337 ## - | |
| -- | computer |
| -- | c |
| -- | rdamedia |
| 338 ## - | |
| -- | online resource |
| -- | cr |
| -- | rdacarrier |
| 347 ## - | |
| -- | text file |
| -- | |
| -- | rda |
| 505 0# - FORMATTED CONTENTS NOTE | |
| Formatted contents note | Chapter 1 Renewable Biomaterials as Nanocarriers for Drug and Gene Delivery -- Chapter 2 Nanocarriers as CNS Drug Delivery Systems for Enhanced Neuroprotection -- Chapter 3 Nanotechnology Based Approaches for Neurodegenerative Disorders: Diagnosis and Treatment -- Chapter 4 Viral Vector Gene Delivery to the Brain for Treating Neurogenetic Diseases -- Chapter 5 Sleep Deprivation Induced Blood-Brain Barrier Breakdown and Brain Pathology. Neuroprotective Effects of Tio2-Nanowired Delivery of Cerebrolysin and Ondansetron -- Chapter 6 Glyco-Functionalised Biomaterials in Neuroregeneration -- Chapter 7 Targeting Nanoparticles to Brain: Impact of N-Methyl D-Aspartate Receptors. |
| 520 ## - SUMMARY, ETC. | |
| Summary, etc | This book summarizes the latest research on drug and gene delivery to the central nervous system (CNS). The chapters address safety concerns regarding the nanotechnology that is needed to develop nanomedicine for clinical practice. Particular focus is given to new technologies that have emerged in recent years to deliver therapeutic materials, such as genes, drugs, and other agents using nanotechnologies of diverse origin. This is an ideal book for students, teachers, researchers, and clinicians interested in a deeper understanding of nanotechnological advances in therapeutic medicine. This book also: Broadens readers’ understanding of viral vector gene delivery to the brain for treating neurogenetic diseases as well as targeted gene delivery into the brain using microbubble-facilitated focused ultrasound Covers in detail the latest developments in delivering therapeutic materials, such as siRNA delivery to the brain for treating neurological diseases, neuroprotective effects of gelatin nanoparticles in stroke, and nanowired drug delivery for brain diseases, heat stroke, and CNS injury Enriches understanding of new technologies for delivering therapeutic materials treating Alzheimer’s Disease, including targeted nanodrug delivery through the blood-brain barrier and the superior neuroprotective effects of nanowired drug delivery in Alzheimer’s Disease. |
| 506 ## - RESTRICTIONS ON ACCESS NOTE | |
| Terms governing access | Available to subscribing member institutions only. Доступно лише організаціям членам підписки. |
| 506 ## - RESTRICTIONS ON ACCESS NOTE | |
| Standardized terminology for access restriction | Online access from local network of NaUOA. |
| 506 ## - RESTRICTIONS ON ACCESS NOTE | |
| Standardized terminology for access restriction | Online access with authorization at https://link.springer.com/ |
| 506 ## - RESTRICTIONS ON ACCESS NOTE | |
| Standardized terminology for access restriction | Онлайн-доступ з локальної мережі НаУОА. |
| 506 ## - RESTRICTIONS ON ACCESS NOTE | |
| Standardized terminology for access restriction | Онлайн доступ з авторизацією на https://link.springer.com/ |
| 650 #0 - SUBJECT ADDED ENTRY--TOPICAL TERM | |
| Topical term or geographic name as entry element | Neurosciences. |
| 650 #0 - SUBJECT ADDED ENTRY--TOPICAL TERM | |
| Topical term or geographic name as entry element | Biomedical engineering. |
| 650 #0 - SUBJECT ADDED ENTRY--TOPICAL TERM | |
| Topical term or geographic name as entry element | Neurobiology. |
| 650 14 - SUBJECT ADDED ENTRY--TOPICAL TERM | |
| Topical term or geographic name as entry element | Neurosciences. |
| -- | http://scigraph.springernature.com/things/product-market-codes/B18006 |
| 650 24 - SUBJECT ADDED ENTRY--TOPICAL TERM | |
| Topical term or geographic name as entry element | Biomedical Engineering and Bioengineering. |
| -- | http://scigraph.springernature.com/things/product-market-codes/T2700X |
| 650 24 - SUBJECT ADDED ENTRY--TOPICAL TERM | |
| Topical term or geographic name as entry element | Neurobiology. |
| -- | http://scigraph.springernature.com/things/product-market-codes/L25066 |
| 700 1# - ADDED ENTRY--PERSONAL NAME | |
| Personal name | Sharma, Hari S. |
| Relator term | editor. |
| Relator code | edt |
| -- | http://id.loc.gov/vocabulary/relators/edt |
| 700 1# - ADDED ENTRY--PERSONAL NAME | |
| Personal name | Muresanu, Dafin F. |
| Relator term | editor. |
| Relator code | edt |
| -- | http://id.loc.gov/vocabulary/relators/edt |
| 700 1# - ADDED ENTRY--PERSONAL NAME | |
| Personal name | Sharma, Aruna. |
| Relator term | editor. |
| Relator code | edt |
| -- | http://id.loc.gov/vocabulary/relators/edt |
| 710 2# - ADDED ENTRY--CORPORATE NAME | |
| Corporate name or jurisdiction name as entry element | SpringerLink (Online service) |
| 773 0# - HOST ITEM ENTRY | |
| Title | Springer eBooks |
| 776 08 - ADDITIONAL PHYSICAL FORM ENTRY | |
| Display text | Printed edition: |
| International Standard Book Number | 9783319576954 |
| 776 08 - ADDITIONAL PHYSICAL FORM ENTRY | |
| Display text | Printed edition: |
| International Standard Book Number | 9783319576978 |
| 776 08 - ADDITIONAL PHYSICAL FORM ENTRY | |
| Display text | Printed edition: |
| International Standard Book Number | 9783319862262 |
| 856 40 - ELECTRONIC LOCATION AND ACCESS | |
| Uniform Resource Identifier | <a href="https://doi.org/10.1007/978-3-319-57696-1">https://doi.org/10.1007/978-3-319-57696-1</a> |
| 912 ## - | |
| -- | ZDB-2-SBL |
| 942 ## - ADDED ENTRY ELEMENTS (KOHA) | |
| Koha item type | ЕКнига |
Немає доступних примірників.